| 000 | 00563nam a2200181Ia 4500 | ||
|---|---|---|---|
| 008 | 130821s1980 sp gr spa | ||
| 040 |
_aCo-BoUCM _bspa |
||
| 041 | _aspa | ||
| 100 |
_aBarthes, Roland _d1915-1980 _984529 |
||
| 245 |
_aS/Z _cRoland Barther |
||
| 260 |
_aMadrid (España) _bSiglo Veintiuno de España _c1980 |
||
| 300 | _a4 h, 221 páginas | ||
| 490 | _aCrítica Literaria | ||
| 650 | 0 | 4 |
_aCrítica literaria _zFrancia _912204 |
| 650 | 0 | 4 |
_aLiteratura francesa _97794 |
| 942 |
_cLIBRO _a18 _e1 _mB17 _2DEWEY _h840 |
||
| 999 |
_c5400 _d5400 |
||